LEADER 02845nam 2200745 450 001 9910132308703321 005 20211202150527.0 010 $a1-118-91060-5 010 $a1-118-91056-7 010 $a1-118-91061-3 035 $a(CKB)3710000000315774 035 $a(EBL)1889216 035 $a(SSID)ssj0001382643 035 $a(PQKBManifestationID)12612080 035 $a(PQKBTitleCode)TC0001382643 035 $a(PQKBWorkID)11459611 035 $a(PQKB)11308452 035 $a(PQKBManifestationID)16041839 035 $a(PQKB)24251229 035 $a(MiAaPQ)EBC1889216 035 $a(Au-PeEL)EBL1889216 035 $a(CaPaEBR)ebr10996833 035 $a(CaONFJC)MIL719367 035 $a(OCoLC)898424087 035 $a(iGPub)WILEYB0027191 035 $a(PPN)189088737 035 $a(EXLCZ)993710000000315774 100 $a20150107h20152015 uy 0 101 0 $aeng 135 $aur|n|---||||| 181 $ctxt 182 $cc 183 $acr 200 00$aEmotion recognition $ea pattern analysis approach /$fedited by Amit Konar, Aruna Chakraborty 205 $a1st ed. 210 1$aHoboken, New Jersey :$cJohn Wiley & Sons, Inc.,$d2015. 210 4$dİ2015 215 $a1 online resource (548 p.) 300 $aBibliographic Level Mode of Issuance: Monograph 311 $a1-322-88085-9 311 $a1-118-13066-9 320 $aIncludes bibliographical references and index. 330 $a"Written by leaders in the field, this book provides a thorough and insightful presentation of the research methodology on emotion recognition in a highly comprehensive writing style. Topics covered include emotional feature extraction, facial recognition, human-computer interface design, neuro-fuzzy techniques, support vector machine (SVM), reinforcement learning, principal component analysis, the hidden Markov model, and probabilistic models. The result is a innovative edited volume on this timely topic for computer science and electrical engineering students and professionals"--$cProvided by publisher. 606 $aHuman-computer interaction 606 $aArtificial intelligence 606 $aEmotions$xComputer simulation 606 $aPattern recognition systems 606 $aContext-aware computing 615 0$aHuman-computer interaction. 615 0$aArtificial intelligence. 615 0$aEmotions$xComputer simulation. 615 0$aPattern recognition systems. 615 0$aContext-aware computing. 676 $a004.01/9 686 $aTEC008060$aCOM016000$2bisacsh 700 $aKonar$b Amit$0542703 702 $aKonar$b Amit 702 $aCakrabartti?$b Arun?a? 801 0$bMiAaPQ 801 1$bMiAaPQ 801 2$bMiAaPQ 906 $aBOOK 912 $a9910132308703321 996 $aEmotion recognition$92882618 997 $aUNINA LEADER 04184nam 22005652 450 001 9910790986603321 005 20180709163545.0 010 $a1-85604-993-0 035 $a(CKB)2550000001186118 035 $a(EBL)1597156 035 $a(OCoLC)868272847 035 $a(SSID)ssj0001160722 035 $a(PQKBManifestationID)11648644 035 $a(PQKBTitleCode)TC0001160722 035 $a(PQKBWorkID)11122915 035 $a(PQKB)11415578 035 $a(MiAaPQ)EBC1597156 035 $a(UkCbUP)CR9781856049931 035 $a(EXLCZ)992550000001186118 100 $a20180524d2008|||| uy| 0 101 0 $aeng 135 $aur||||||||||| 181 $ctxt$2rdacontent 182 $cc$2rdamedia 183 $acr$2rdacarrier 200 10$aInformation rights in practice $ethe non-legal professional's guide /$fAlan Stead$b[electronic resource] 210 1$aLondon :$cFacet,$d2008. 215 $a1 online resource (xx, 203 pages) $cdigital, PDF file(s) 300 $aTitle from publisher's bibliographic system (viewed on 05 Jul 2018). 311 $a1-85604-620-6 311 $a1-306-34238-4 320 $aIncludes bibliographical references and index. 327 $aIntroduction -- Data protection act of 1988 -- Definitions of personal data -- The scope of the Data Protection Act -- The data protection principles -- Access to personal data -- Data sharing -- The Freedom of Information Act 2000 and Environmental Information Regulations 2004, SI 2004/3391 -- Scope of the Freedom of Information Act 2000 and the Environmental Information Regulations 2004 -- Application of exemptions and exceptions -- The public interest test -- Publication schemes -- Compliance, the Information Commissioner and the Information Tribunal -- Disclosure logs -- Records management -- Section 46 code of practice -- Other legislation -- Interaction of the legislation -- Summary. 330 $aOverstretched professionals in every public authority are grappling with the chalk face implications of a raft of legislation relating to information use. This is the first book to offer a single point of reference and advice, which can be understood by the non-legal professional. The requirements of the relevant legislation are set out together with examples, flow-charts, and diagrams to illustrate and clarify how to apply the law in practice. This indispensable guide is a one-stop shop for all you need to know about information rights law, using relevant case studies to clarify and illuminate these tricky issues. Contents include: Data Protection Act 1998 - definitions of personal data; scope of the Act; the principles; access to personal data and data sharing; and, Freedom of Information Act 2000 and the Environmental Information Regulations 2004 - scope of the Acts; applications of exemptions/exceptions; public interest tests, publication schemes; and, disclosure logs and records management. It also includes: Regulation of Investigatory Powers Act 2000; Human Rights Act 1998; Re-use of Public Sector Information Regulations 2005; other non-information rights-related legislation; interaction of legislation; and, requests for information. A must-have for anyone working with information rights in public authorities and the private sector, this book is also a useful reference point for legal advisers, academics and students of information rights, as well as media professionals wanting to learn and understand how public authorities approach requests for information and the surrounding procedures. 606 $aFreedom of information$zGreat Britain 606 $aGovernment information$zGreat Britain 606 $aPublic records$xLaw and legislation$zGreat Britain 606 $aData protection$xLaw and legislation$zGreat Britain 615 0$aFreedom of information 615 0$aGovernment information 615 0$aPublic records$xLaw and legislation 615 0$aData protection$xLaw and legislation 676 $a342.410662 700 $aStead$b Alan$01464492 801 0$bUkCbUP 801 1$bUkCbUP 906 $aBOOK 912 $a9910790986603321 996 $aInformation rights in practice$93674146 997 $aUNINA